• 首页
  • 本馆介绍
  • 公告通知
  • 最新文献
  • 馆藏检索
  • 电子资源
  • 读者导购
  • 参考咨询
  • 我的图书馆
  • 登录
  • 详细信息显示
  • 放入我的书架
  • 预约/预借图书
  • 作者相关作品
  • 分类相关作品
  • 丛书相关作品
  • 出版社相关作品

书目信息

  • 表格格式
  • 工作单格式
  • 卡片格式
题名:
襄阳文化简史
    
 
作者: 湖北省政协文史和学习委员会,湖北省荆楚文化研究会,襄阳市政协学习文史资料委员会[编]
分册:  
出版信息: 武汉   湖北人民出版社  2018
页数: 10,359页
开本: 24cm
丛书名: 湖北文化史丛书
单 册:
中图分类: K296.33
科图分类:
主题词: 文化史--襄阳
电子资源:
ISBN: 978-7-216-09647-8
000 01126nam0 2200241 450
001 012001005944
005 20131014173618.0
010    @a978-7-216-09647-8@dCNY68.00
100    @a20190610d2018 em y0chiy50 ea
101 0  @achi
102    @aCN@b420000
105    @aa z 000yy
106    @ar
200 1  @a襄阳文化简史@b专著@f湖北省政协文史和学习委员会,湖北省荆楚文化研究会,襄阳市政协学习文史资料委员会[编]
210    @a武汉@c湖北人民出版社@d2018
215    @a10,359页@c图,照片@d24cm
225 1  @a湖北文化史丛书@f陈昆满,林习珍主编
314    @a主编:郑浩、卫敏、赵社教
330    @a《襄阳文化简史》系《湖北文化史丛书》的襄阳卷。2014年4月,根据省政协部署,市政协专门成立了工作专班,以市区社科、文化、历史方面的专家人员为主,吸收相关单位骨干参加,经过两年多的工作,并经过省、市专家五次统稿,完成了《襄阳文化简史》的编撰工作,形成近30万字的书稿。《襄阳文化简史》以历史时期和朝代顺序,系统梳理了襄阳文化发展脉络,归纳提炼出襄阳文化特色亮点,彰显了襄阳文化在湖北乃至中华文化中的地位和影响。
606 0  @a文化史@x襄阳
690    @aK296.33@v5
801  2 @aCN@b上海新华@c20191020
905    @b1098169-72@dK296.33@e406@f4
    
    襄阳文化简史/湖北省政协文史和学习委员会,湖北省荆楚文化研究会,襄阳市政协学习文史资料委员会[编].-武汉:湖北人民出版社,2018
    10,359页:图,照片;24cm.-(湖北文化史丛书/陈昆满,林习珍主编)
    
    
    ISBN 978-7-216-09647-8:CNY68.00
    《襄阳文化简史》系《湖北文化史丛书》的襄阳卷。2014年4月,根据省政协部署,市政协专门成立了工作专班,以市区社科、文化、历史方面的专家人员为主,吸收相关单位骨干参加,经过两年多的工作,并经过省、市专家五次统稿,完成了《襄阳文化简史》的编撰工作,形成近30万字的书稿。《襄阳文化简史》以历史时期和朝代顺序,系统梳理了襄阳文化发展脉络,归纳提炼出襄阳文化特色亮点,彰显了襄阳文化在湖北乃至中华文化中的地位和影响。
●
相关链接 在E读中查询图书 在五车中查询图书 在当当中查询图书 在豆瓣中查询图书


正题名:襄阳文化简史     索取号:K296.33/406         预约/预借

序号 登录号 条形码 馆藏地/架位号 状态 备注
1 1098169   210981696   第二样本阅览室/ [索取号:K296.33/406] 在馆    
2 1098170   210981703   第二借阅区/ [索取号:K296.33/406] 在馆    
3 1098171   210981712   第二借阅区/ [索取号:K296.33/406] 在馆    
4 1098172   210981721   第二借阅区/ [索取号:K296.33/406] 在馆    
唐山师范学院图书馆 欢迎您!
大连网信软件有限公司© 版权所有